| 000 | nkm a22 a 4500 | ||
|---|---|---|---|
| 999 |
_c349141 _d349141 |
||
| 003 | BLK | ||
| 005 | 20200320125356.0 | ||
| 008 | 200318b bu ||||| |||| 00| 0 bu d | ||
| 020 | _a9786191882601 | ||
| 040 | _aBLK | ||
| 041 |
_aBUL _cBUL |
||
| 080 |
_aХудожествена фотография _b77.04 _x(497.2)(084.12) _z77.04(497.2)(084.12) |
||
| 100 |
_91631 _aИванов, Светослав Руменов _eфотогр. |
||
| 139 |
_aИванов, Светослав Руменов _bИ 21 |
||
| 245 |
_aКонтрасти _bфотографии от Северозападна България _cСветослав Иванов |
||
| 260 |
_9219492 _a[Враца] _bИзд. авт. _c2019 _f([Враца] : [БГ принт]) |
||
| 300 |
_a1 албум (108 с.) _bс ил; _c15 х 21 см |
||
| 380 | _a7 | ||
| 650 | 0 |
_9271707 _aФотография, художествена |
|
| 650 | 7 |
_9146731 _aАлбуми |
|
| 653 | 7 |
_9200269 _aхудожествена фотография |
|
| 653 | 7 |
_9180586 _aалбуми |
|
| 852 |
_aЦб Гр _bЦб |
||
| 942 |
_cGRA _n0 _s1 |
||
| 944 |
_aCR _kМикаела Микова - Илиева _l2020-03-18 |
||
| 999 | _d349141 | ||